Greys Anatomy actors - Statistics

General Stats
  • This quiz has been taken 871 times
  • The average score is 12 of 19
Answer Stats
Hint Answer % Correct
meredith grey ellen pompeo
97%
christina yang sandra oh
91%
mc dreamy patrick dempsey
90%
alex karev justin chambers
74%
izzie stevens katherine heigl
73%
mc steamy eric dane
70%
george o'malley t.r. knight
70%
miranda bailey chandra wilson
65%
addison montgomery kate walsh
65%
little grey chyler leigh
59%
jackson avery jesse williams
59%
caliope torres sara ramirez
59%
arizona robbins jessica capshaw
56%
owen hunt kevin mckidd
55%
april kepner sarah drew
54%
richard webber james pickens jr.
45%
preston burke isaiah washington
44%
theodora altman kim raver
40%
erika hahn brooke smith
24%
No matching quizzes found
Score Distribution
Percent of People with Each Score
Percentile by Number Answered
Your Score History
You have not taken this quiz